Matemática activa 3º medio: texto del estudiante
Guardat en:
| Autors principals: | , , |
|---|---|
| Altres autors: | |
| Format: | Llibre |
| Idioma: | espanyol |
| Publicat: |
Santiago
Mare Nostrum
2001
|
| Matèries: | |
| Etiquetes: |
Afegir etiqueta
Sense etiquetes, Sigues el primer a etiquetar aquest registre!
|
MARC
| LEADER | 00000nam a2200000 a 4500 | ||
|---|---|---|---|
| 001 | UCM3179 | ||
| 003 | CL-VaPUC | ||
| 008 | 020628e20010000CL |||||||||||||||||spa|d | ||
| 020 | |a 8495509032 | ||
| 082 | 0 | 4 | |a 510.712 |b BAM |2 21 |
| 100 | 0 | |a Bamón Cabrera, Rodrigo |e author |9 469960 | |
| 700 | |a González González, Patricio |e author |9 569793 | ||
| 700 | 0 | |a Soto Andrade, Jorge |e author |9 469962 | |
| 700 | |a Medina, Carmen Gloria |e autora |9 520662 | ||
| 245 | 1 | 0 | |a Matemática activa 3º medio: texto del estudiante |
| 300 | |a 304 p | ||
| 942 | |c BK | ||
| 945 | |d 20020628 00:00:00 |a cmena | ||
| 260 | |a Santiago |b Mare Nostrum |c 2001 | ||
| 650 | 0 | |a Matemáticas |x Enseñanza |9 875527 | |
| 650 | 0 | |a Libros de texto |9 270019 | |
| 650 | 0 | |a Métodos de enseñanza |9 270413 | |
| 583 | |a last modification |c 20190610 15:15:04 |k Rodrigo Vera | ||
| 999 | |c 300667 |d 300665 | ||
| 952 | |0 0 |1 0 |4 0 |6 510_712000000000000_BAM_2001 |7 0 |8 A |9 358728 |a BIBMAT |b BIBMAT |c E_DIDACT |d 2019-11-21 |i 3823652 |o 510.712 BAM 2001 |p 3823652 |r 2025-01-07 |w 2019-11-21 |y BK |k MAT | ||
| 952 | |0 0 |1 0 |4 0 |6 510_712000000000000_BAM_2001 |7 0 |8 A |9 358731 |a BIBMAT |b BIBMAT |c E_DIDACT |d 2019-11-21 |i 3823687 |o 510.712 BAM 2001 |p 3823687 |r 2025-01-07 |w 2019-11-21 |y BK |k MAT | ||
| 952 | |0 0 |1 0 |4 0 |6 510_712000000000000_BAM_2001 |7 0 |8 P |9 358732 |a BIBEDU |b BIBEDU |d 2019-11-21 |i 3942759 |o 510.712 BAM 2001 |p 3942759 |r 2019-11-21 |w 2019-11-21 |y BK |k EBA | ||
| 952 | |0 0 |1 0 |4 0 |6 510_712000000000000_BAM_2001 |7 0 |8 P |9 358733 |a BIBEDU |b BIBEDU |c BIBEDU_PB |d 2019-11-21 |i 3942783 |o 510.712 BAM 2001 |p 3942783 |r 2024-01-25 |w 2019-11-21 |y BK |k EBA | ||
| 952 | |0 0 |1 0 |4 0 |6 510_712000000000000_BAM_2001 |7 0 |8 P |9 358734 |a BIBEDU |b BIBEDU |d 2019-11-21 |i 3942791 |o 510.712 BAM 2001 |p 3942791 |r 2019-11-21 |w 2019-11-21 |y BK |k EBA | ||
| 952 | |0 0 |1 0 |4 0 |6 510_712000000000000_BAM_2001 |7 0 |8 P |9 358735 |a BIBEDU |b BIBEDU |d 2019-11-21 |i 3942805 |o 510.712 BAM 2001 |p 3942805 |r 2019-11-21 |w 2019-11-21 |y BK |k EBA | ||
| 952 | |0 0 |1 0 |4 0 |6 510_712000000000000_BAM_2001 |7 0 |8 P |9 358736 |a BIBEDU |b BIBEDU |d 2019-11-21 |i 3942813 |o 510.712 BAM 2001 |p 3942813 |r 2019-11-21 |w 2019-11-21 |y BK |k EBA | ||
| 952 | |0 0 |1 0 |4 0 |6 510_712000000000000_BAM_2001 |7 0 |8 A |9 358742 |a BIBMAT |b BIBMAT |c E_DIDACT |d 2019-11-21 |i 4054008 |o 510.712 BAM 2001 |p 4054008 |r 2025-01-07 |w 2019-11-21 |y BK |k MAT | ||
| 952 | |0 0 |1 0 |4 0 |6 510_712000000000000_BAM_2001 |7 0 |8 A |9 358743 |a BIBMAT |b BIBMAT |c E_DIDACT |d 2019-11-21 |i 4106768 |o 510.712 BAM 2001 |p 4106768 |r 2025-01-07 |w 2019-11-21 |y BK |k MAT | ||
| 952 | |0 0 |1 0 |4 0 |6 510_712000000000000_BAM_2001 |7 0 |8 A |9 358753 |a BIBMAT |b BIBMAT |c E_DIDACT |d 2019-11-21 |i 4106865 |o 510.712 BAM 2001 |p 4106865 |r 2025-01-07 |w 2019-11-21 |y BK |k MAT | ||